| Tag |
First Indicator |
Second Indicator |
Subfields |
| LEADER |
00000cam a2200000 a 4500 |
| 001 |
in00001226721 |
| 005 |
20151003051038.0 |
| 008 |
930714s1995 nyua b 001 0 eng |
| 010 |
|
|
|a 93026977
|
| 020 |
|
|
|a 0415907217 (acid-free paper) :
|c $49.95
|
| 020 |
|
|
|a 0415907225 (pbk. : acid-free paper) :
|c $16.95
|
| 035 |
|
|
|a (OCoLC)28586318
|
| 035 |
|
|
|9 AGR1404AM
|
| 040 |
|
|
|a DLC
|c DLC
|d TXA
|d UtOrBLW
|
| 043 |
|
|
|a e-fr---
|
| 049 |
|
|
|a TXAM
|
| 050 |
0 |
0 |
|a BF109.L28
|b R34 1995
|
| 082 |
0 |
0 |
|a 150.19/5/092
|2 20
|
| 100 |
1 |
|
|a Ragland-Sullivan, Ellie,
|d 1941-
|
| 245 |
1 |
0 |
|a Essays on the pleasures of death :
|b from Freud to Lacan /
|c by Ellie Ragland.
|
| 264 |
|
1 |
|a New York :
|b Routledge,
|c 1995.
|
| 300 |
|
|
|a 240 pages :
|b illustrations ;
|c 23 cm.
|
| 336 |
|
|
|a text
|b txt
|2 rdacontent
|
| 337 |
|
|
|a unmediated
|b n
|2 rdamedia
|
| 338 |
|
|
|a volume
|b nc
|2 rdacarrier
|
| 504 |
|
|
|a Includes bibliographical references and index.
|
| 600 |
1 |
0 |
|a Lacan, Jacques,
|d 1901-1981.
|
| 600 |
1 |
0 |
|a Freud, Sigmund,
|d 1856-1939.
|
| 650 |
|
0 |
|a Death instinct
|x History.
|
| 650 |
|
0 |
|a Pleasure principle (Psychology)
|x History.
|
| 650 |
|
0 |
|a Psychoanalysis
|z France
|x History.
|
| 999 |
|
|
|a MARS
|
| 999 |
f |
f |
|s 2dcc7ad0-8913-386a-af32-d083dfa40ab1
|i 25ddb3c0-8403-34d1-9a5b-eb22aadae5c6
|t 0
|
| 952 |
f |
f |
|p normal
|a Texas A&M University
|b College Station
|c Sterling C. Evans Library
|d Evans: Library Stacks
|t 0
|e BF109.L28 R34 1995
|h Library of Congress classification
|i unmediated -- volume
|m A14818915509
|
| 998 |
f |
f |
|a BF109.L28 R34 1995
|t 0
|l Evans: Library Stacks
|